00876nam a2200241Ia 4500001000600000003000900006008004100015040001300056040001300069041001300082100001900095100002900114245008300143245007300226250001100299260001000310260000900320260004900329300005700378500013300435650003500568650003100603C7149IT-RoPAU130308s9999 xx 000 0 und d aIT-RoPAU cIT-RoPAU aFRANCESE aDurand Jacques gCodice Aut. SPICS: 18311 aJugements des telespectateurs (Les). L'evaluation des programmes de television bHermes-11/12-A la Recherche Du Public. Reception, Television, Medias a1a ed. aPARIS bCNRS c1992 [1° Ed.:1992 - Ed.Ling.Originale:1992] a"8 p. (prefazione: no ; testo: 8 [pagine: 311-318])" aGiudizi dei Telespettatori: Valutazione dei programmi Televisivi. Misure di Soddisfazione. misura della Qualità€ dei Programmi. aSAGGI DI COMUNICAZIONE SOCIALE eCodice materia Spics: 3807